[Event "Florianopolis op 7th"]
[White "Lima,Darcy Gustavo Macha"]
[Black "Von Buelow,Georg"]
[Site "Florianopolis"]
[Round "7"]
[Annotator ""]
[Result "1-0"]
[Date "2021.01.22"]
[WhiteElo "2516"]
[BlackElo "2359"]
[PlyCount "45"]

1. d4 Nf6 2. c4 e6 3. Nf3 d5 4. g3 Nc6 5. Bg2 dxc4 6. O-O Rb8 7. Nc3 Be7 8. Qa4 O-O 9. Qxc4 Nb4 10. e4 b6 11. Rd1 Ba6 12. Qb3 Bb7 13. a3 Nc6 14. Qc2 Rc8 15. d5 exd5 16. e5 Nd7 17. Nxd5 h6 18. Qf5 Ncb8 19. Bxh6 Bxd5 20. Qg4 g6 21. Rxd5 c6 22. Rd2 Qc7 23. e6 1-0

[Event "Florianopolis op 7th"]
[White "Delgado Ramirez,Neuris"]
[Black "Lima,Darcy Gustavo Macha"]
[Site "Florianopolis"]
[Round "6"]
[Annotator ""]
[Result "1/2-1/2"]
[Date "2021.01.21"]
[WhiteElo "2621"]
[BlackElo "2516"]
[PlyCount "71"]

1. e4 e5 2. Nf3 Nc6 3. Bb5 Nf6 4. O-O Nxe4 5. Re1 Nd6 6. Nxe5 Be7 7. Bd3 Nxe5 8. Rxe5 O-O 9. Nc3 c6 10. b3 Bf6 11. Rh5 g6 12. Ba3 Ne8 13. Bxf8 gxh5 14. Ba3 Ng7 15. Bd6 Be7 16. Be5 f6 17. Bf4 d5 18. Qf3 Bg4 19. Qg3 Qd7 20. h3 Bf5 21. Bh6 Bf8 22. Re1 Bxd3 23. Bxg7 Qxg7 24. Qxd3 Qg6 25. Re3 Qxd3 26. Rxd3 Re8 27. Kf1 Kf7 28. Ne2 Bh6 29. Rd4 f5 30. Ke1 Bg5 31. h4 Bf6 32. Ra4 a6 33. Rf4 Kg6 34. g3 Be5 35. Rf3 f4 36. gxf4 1/2-1/2

[Event "Florianopolis op 7th"]
[White "Santiago,Yago de Moura"]
[Black "Lima,Darcy Gustavo Macha"]
[Site "Florianopolis"]
[Round "5"]
[Annotator ""]
[Result "0-1"]
[Date "2021.01.21"]
[WhiteElo "2480"]
[BlackElo "2516"]
[PlyCount "140"]

1. e4 c5 2. Nf3 d6 3. d4 cxd4 4. Nxd4 Nf6 5. Nc3 Nc6 6. Bg5 e6 7. Qd2 a6 8. f3 Be7 9. Be3 d5 10. exd5 Nxd5 11. Nxd5 Qxd5 12. Nb3 Qxd2+ 13. Nxd2 Nb4 14. O-O-O Nxa2+ 15. Kb1 Nb4 16. Nc4 Nd5 17. Rxd5 exd5 18. Nb6 Rb8 19. Bf4 Bd8 20. Bxb8 Bxb6 21. Bd3 O-O 22. Bf4 Re8 23. Rd1 Be6 24. Kc1 h5 25. Kb1 Re7 26. Bd6 Re8 27. Bf4 Re7 28. Bd6 Rd7 29. Bf4 Rd8 30. Kc1 Bd7 31. Kb1 Bc6 32. Kc1 Re8 33. Kb1 g6 34. Kc1 Kg7 35. Kb1 Re7 36. Rh1 Bf2 37. Bd2 Bd4 38. Bf4 Bf6 39. Rd1 Re6 40. Ka2 d4 41. h3 Bd5+ 42. Kb1 h4 43. Kc1 a5 44. Bd2 b6 45. Kb1 Be7 46. Be1 Bf6 47. Bf2 g5 48. Bb5 Be5 49. b3 Kf6 50. Bxd4 Bxd4 51. Rxd4 Re1+ 52. Kb2 Ke5 53. Rg4 f6 54. Bd7 Rd1 55. Bc8 b5 56. c4 bxc4 57. bxc4 Bc6 58. f4+ gxf4 59. Rxh4 Rd2+ 60. Kc3 Rxg2 61. Bg4 f5 62. Rh5 Be4 63. Rh8 fxg4 64. Re8+ Kf5 65. hxg4+ Rxg4 66. Kd4 Bg2 67. Re5+ Kf6 68. Rxa5 Rg8 69. Ra7 Rd8+ 70. Kc5 Be4 0-1

[Event "Florianopolis op 7th"]
[White "Lima,Darcy Gustavo Macha"]
[Black "Oliveira,Silvio Eduardo"]
[Site "Florianopolis"]
[Round "4"]
[Annotator ""]
[Result "1-0"]
[Date "2021.01.20"]
[WhiteElo "2516"]
[BlackElo "2317"]
[PlyCount "33"]

1. d4 Nf6 2. c4 e6 3. Nf3 d5 4. Nc3 dxc4 5. e3 a6 6. Bxc4 b5 7. Bb3 Bb7 8. O-O Nbd7 9. e4 Nxe4 10. Nxe4 Bxe4 11. Ng5 Bd5 12. Bxd5 exd5 13. Re1+ Be7 14. Qh5 g6 15. Qh6 Nf6 16. Qg7 Rf8 17. Qxf6 1-0

[Event "Florianopolis op 7th"]
[White "Caetano,Hugo Zanotti Mendon"]
[Black "Lima,Darcy Gustavo Macha"]
[Site "Florianopolis"]
[Round "3"]
[Annotator ""]
[Result "0-1"]
[Date "2021.01.19"]
[WhiteElo "2155"]
[BlackElo "2516"]
[PlyCount "80"]

1. d4 Nf6 2. c4 e6 3. Nf3 Bb4+ 4. Nbd2 O-O 5. e3 d5 6. a3 Be7 7. Bd3 c5 8. O-O cxd4 9. exd4 Nc6 10. b4 dxc4 11. Nxc4 a6 12. Bb2 Bd7 13. Rc1 Rc8 14. Ng5 h6 15. Ne4 Na7 16. Ne5 Bb5 17. Nc5 Bxd3 18. Qxd3 Rc7 19. Qf3 Qd5 20. Qxd5 Nxd5 21. g3 Rfc8 22. Ne4 Rc2 23. Nd3 b6 24. Rxc2 Rxc2 25. Rc1 Rxc1+ 26. Nxc1 Nb5 27. Kf1 Nd6 28. Nxd6 Bxd6 29. Ke2 h5 30. Kf3 Kf8 31. Ne2 b5 32. Nc3 Nb6 33. Ne4 Nc4 34. Bc1 Ke7 35. Nc5 Bxc5 36. dxc5 e5 37. h3 Ke6 38. Ke4 f5+ 39. Kd3 Kd5 40. f4 exf4 0-1

[Event "Florianopolis op 7th"]
[White "Lima,Darcy Gustavo Macha"]
[Black "Medeiros,Francisco de Assis"]
[Site "Florianopolis"]
[Round "2"]
[Annotator ""]
[Result "1-0"]
[Date "2021.01.19"]
[WhiteElo "2516"]
[BlackElo "2122"]
[PlyCount "39"]

1. d4 Nf6 2. c4 e6 3. Nf3 Bb4+ 4. Bd2 Qe7 5. g3 Nc6 6. Nc3 O-O 7. Bg2 Na5 8. b3 b6 9. O-O Bb7 10. Rc1 d5 11. cxd5 exd5 12. Bg5 h6 13. Bxf6 Qxf6 14. Ne5 Rfd8 15. e4 Bxc3 16. Rxc3 c5 17. Rf3 Qe6 18. Rxf7 Rf8 19. exd5 Bxd5 20. Re7 1-0

[Event "Florianopolis op 7th"]
[White "Zimmermann,Kleber Renato P"]
[Black "Lima,Darcy Gustavo Macha"]
[Site "Florianopolis"]
[Round "1"]
[Annotator ""]
[Result "0-1"]
[Date "2021.01.18"]
[WhiteElo "1967"]
[BlackElo "2516"]
[PlyCount "68"]

1. d4 Nf6 2. c4 e6 3. Nf3 c5 4. g3 d5 5. cxd5 Nxd5 6. Bg2 Nc6 7. O-O Be7 8. dxc5 Bxc5 9. a3 Be7 10. e4 Nb6 11. Qxd8+ Bxd8 12. Nc3 e5 13. Nd5 f6 14. Nxb6 Bxb6 15. Re1 Bg4 16. Be3 Bxe3 17. Rxe3 O-O-O 18. Rc1 Kb8 19. Kf1 Rd6 20. h3 Be6 21. Ke1 Rhd8 22. Bf1 g5 23. Be2 Bxh3 24. Rd1 Rxd1+ 25. Bxd1 Bg4 26. Nd2 Bxd1 27. Kxd1 h5 28. Kc1 Nd4 29. Re1 h4 30. gxh4 gxh4 31. Rh1 Rh8 32. Kd1 h3 33. f3 Ne6 34. Ke1 Nf4 0-1

[Event "Iberoamericano Chess24"]
[White "Fier,Alexandr"]
[Black "Lima,Darcy Gustavo Macha"]
[Site "chess24.com INT"]
[Round "1.2"]
[Annotator ""]
[Result "1-0"]
[Date "2020.06.01"]
[WhiteElo "2560"]
[BlackElo "2516"]
[PlyCount "71"]

1. c4 e6 2. Nc3 d5 3. d4 Nf6 4. Nf3 Be7 5. Bf4 O-O 6. e3 c5 7. dxc5 Nc6 8. a3 Bxc5 9. Qc2 Re8 10. Rd1 Qa5 11. Nd2 e5 12. Bg5 Nd4 13. Qb1 Bf5 14. Bd3 Bxd3 15. Qxd3 Ne4 16. Nxd5 Nxg5 17. b4 Qd8 18. bxc5 Nde6 19. h4 Nxc5 20. Qf5 Nge6 21. h5 f6 22. h6 g6 23. Qxf6 Nd7 24. Qf3 Rf8 25. Qg3 Nec5 26. O-O Rf5 27. Nf3 Qf8 28. Qg4 Re8 29. Nh4 Rf7 30. f4 Qxh6 31. f5 Nf6 32. Nxf6+ Rxf6 33. fxg6 Qxe3+ 34. Kh1 Rxf1+ 35. Rxf1 h6 36. Qf5 1-0

[Event "Iberoamericano Chess24"]
[White "Fier,Alexandr"]
[Black "Lima,Darcy Gustavo Macha"]
[Site "chess24.com INT"]
[Round "1.4"]
[Annotator ""]
[Result "0-1"]
[Date "2020.06.01"]
[WhiteElo "2560"]
[BlackElo "2516"]
[PlyCount "76"]

1. c4 e6 2. d4 d5 3. Nc3 Nf6 4. Nf3 Be7 5. Bf4 O-O 6. e3 c5 7. dxc5 Nc6 8. Qc2 Bxc5 9. Rd1 Qa5 10. a3 Re8 11. Nd2 e5 12. Bg5 Nd4 13. Qb1 Bf5 14. Bd3 Bxd3 15. Qxd3 Ne4 16. Nxd5 Nxg5 17. b4 Qd8 18. bxc5 Nde6 19. h4 Nxc5 20. Qf5 Nge6 21. h5 h6 22. Nf3 f6 23. O-O Rf8 24. Nh2 Qe8 25. Ng4 Kh8 26. f4 e4 27. Nf2 Qf7 28. Nxe4 Nxe4 29. Qxe4 Rae8 30. Qf5 Nc5 31. Nb4 Ne4 32. Rd7 Qxc4 33. Qg6 Rg8 34. Nd5 Qc6 35. Rxg7 Rxg7 36. Qf5 Reg8 37. Qxe4 Rxg2+ 38. Kh1 Rd2 0-1

[Event "Iberoamericano Chess24"]
[White "Fier,Alexandr"]
[Black "Lima,Darcy Gustavo Macha"]
[Site "chess24.com INT"]
[Round "1.6"]
[Annotator ""]
[Result "1-0"]
[Date "2020.06.01"]
[WhiteElo "2560"]
[BlackElo "2516"]
[PlyCount "73"]

1. c4 e6 2. Nf3 d5 3. b3 Nf6 4. g3 Be7 5. Bg2 O-O 6. O-O c5 7. e3 b6 8. Bb2 Bb7 9. Nc3 Nc6 10. cxd5 Nxd5 11. Nxd5 exd5 12. d4 cxd4 13. Nxd4 Nxd4 14. Bxd4 Bf6 15. Rc1 h6 16. Qd2 Bxd4 17. Qxd4 Rc8 18. Rxc8 Qxc8 19. Bxd5 Rd8 20. e4 Bxd5 21. exd5 Qc5 22. Qxc5 bxc5 23. Rd1 Kf8 24. d6 Ke8 25. Re1+ Kd7 26. Re7+ Kxd6 27. Rxf7 a5 28. Rxg7 a4 29. Rg6+ Kd5 30. Rb6 Re8 31. Kf1 Kd4 32. Rxh6 axb3 33. axb3 Rb8 34. Rh4+ Kd5 35. Ke2 Rxb3 36. Rf4 c4 37. Kd2 1-0

[Event "Iberoamericano Chess24"]
[White "Lima,Darcy Gustavo Macha"]
[Black "Fier,Alexandr"]
[Site "chess24.com INT"]
[Round "1.1"]
[Annotator ""]
[Result "1-0"]
[Date "2020.06.01"]
[WhiteElo "2516"]
[BlackElo "2560"]
[PlyCount "85"]

1. d4 Nf6 2. c4 c5 3. d5 e6 4. Nc3 exd5 5. cxd5 d6 6. Nf3 g6 7. h3 Bg7 8. e4 Nbd7 9. Bd3 a6 10. a4 Nh5 11. O-O Ne5 12. Be2 Nxf3+ 13. Bxf3 Qh4 14. Bxh5 gxh5 15. Qf3 Be5 16. Ne2 Rg8 17. Kh1 Bg4 18. Qe3 O-O-O 19. Ra3 f5 20. f4 Bxe2 21. Qxe2 Bd4 22. Be3 Bxe3 23. Rxe3 fxe4 24. Rxe4 Rg3 25. Rf3 Rxf3 26. Qxf3 Qf6 27. b4 h4 28. bxc5 dxc5 29. Re5 Kb8 30. Qe4 Ka7 31. a5 Qd6 32. Qxh7 c4 33. Qxh4 c3 34. Qf2+ Ka8 35. Qe3 Qc7 36. d6 Rxd6 37. Re8+ Rd8 38. Rxd8+ Qxd8 39. Qxc3 b6 40. Qc6+ Ka7 41. Qxb6+ Qxb6 42. axb6+ Kxb6 43. h4 1-0

[Event "Iberoamericano Chess24"]
[White "Lima,Darcy Gustavo Macha"]
[Black "Fier,Alexandr"]
[Site "chess24.com INT"]
[Round "1.5"]
[Annotator ""]
[Result "0-1"]
[Date "2020.06.01"]
[WhiteElo "2516"]
[BlackElo "2560"]
[PlyCount "82"]

1. d4 Nf6 2. c4 c5 3. d5 g6 4. Nc3 Bg7 5. e4 d6 6. Bd3 O-O 7. h3 e6 8. Nf3 Nbd7 9. O-O e5 10. a3 h6 11. Rb1 Nh7 12. Qc2 Ndf6 13. b4 b6 14. bxc5 bxc5 15. Qa4 Ne8 16. Bd2 f5 17. Qc6 Bd7 18. Qa6 f4 19. Nb5 Ng5 20. Nh2 f3 21. Bxg5 Qxg5 22. g3 Bxh3 23. Rfe1 h5 24. Re3 Bg2 25. Bf1 h4 26. Bxg2 fxg2 27. Kxg2 Qh5 28. g4 Qg5 29. Qb7 Rd8 30. Nxa7 Rf7 31. Qb6 Ra8 32. Nc6 Nf6 33. Kh3 Raf8 34. Rf3 Nxe4 35. Rxf7 Rxf7 36. Rb2 Nxf2+ 37. Kg2 h3+ 38. Kg1 Qc1+ 39. Nf1 h2+ 40. Kxh2 Qxf1 41. Qd8+ Bf8 0-1

[Event "Montevideo Duchamp Cup 4th"]
[White "Lima,Darcy Gustavo Macha"]
[Black "Acosta,Pablo Ismael"]
[Site "Montevideo"]
[Round "8"]
[Annotator ""]
[Result "0-1"]
[Date "2020.02.14"]
[WhiteElo "2526"]
[BlackElo "2416"]
[PlyCount "90"]

1. d4 Nf6 2. c4 e6 3. Nf3 Bb4+ 4. Bd2 a5 5. Nc3 O-O 6. Qc2 d5 7. e3 c5 8. a3 Bxc3 9. Bxc3 cxd4 10. Bxd4 Nc6 11. Bc3 Qe7 12. Bd3 h6 13. O-O dxc4 14. Bxc4 Bd7 15. Rac1 Rfc8 16. Rfd1 Be8 17. Ba2 b5 18. Bb1 b4 19. axb4 axb4 20. Be1 g6 21. Qc4 Nd5 22. Qe2 Qf6 23. g3 Nb6 24. e4 Nd7 25. Kg2 Rab8 26. Rc2 g5 27. h3 Nde5 28. Nxe5 Qxe5 29. Qe3 Rd8 30. Rdc1 Qd4 31. Qe2 Ne5 32. Rd2 Qb6 33. Qh5 Kg7 34. Qd1 Bb5 35. Qb3 Rdc8 36. Rdc2 Rxc2 37. Bxc2 Bc4 38. Qa4 Qd4 39. Rd1 Qc5 40. Rd2 Bb5 41. Qb3 Ra8 42. Bb1 Ra1 43. Qd1 Qc4 44. Bd3 Rxd1 45. Bxc4 Rxd2 0-1

[Event "Montevideo Duchamp Cup 4th"]
[White "Liascovich,Lucas Agustin"]
[Black "Lima,Darcy Gustavo Macha"]
[Site "Montevideo"]
[Round "7"]
[Annotator ""]
[Result "1/2-1/2"]
[Date "2020.02.13"]
[WhiteElo "2425"]
[BlackElo "2526"]
[PlyCount "74"]

1. d4 d5 2. Nf3 Nf6 3. Bf4 g6 4. e3 Bg7 5. Be2 Bg4 6. h3 Bxf3 7. Bxf3 c6 8. O-O Nbd7 9. Nd2 O-O 10. c4 e6 11. b4 a6 12. a4 Qe7 13. c5 e5 14. Bh2 Ne8 15. Nb3 Nc7 16. e4 dxe4 17. Bxe4 exd4 18. Re1 Ne5 19. Na5 Ne6 20. Bxe5 Bxe5 21. Bxc6 bxc6 22. Rxe5 Qc7 23. Qe1 Rab8 24. Nc4 Nf4 25. Rd1 Rfd8 26. Nd6 d3 27. g3 Ne6 28. Rxd3 a5 29. Rf3 Rxd6 30. cxd6 Qxd6 31. Rxa5 Rxb4 32. Ra7 Qb8 33. Qe3 Ng5 34. Rf6 Re4 35. Qxg5 Qxa7 36. Rxc6 Qxa4 37. Qc1 Kg7 1/2-1/2

[Event "Montevideo Duchamp Cup 4th"]
[White "Lima,Darcy Gustavo Macha"]
[Black "Munoz Perez,Rolando"]
[Site "Montevideo"]
[Round "6"]
[Annotator ""]
[Result "1-0"]
[Date "2020.02.12"]
[WhiteElo "2526"]
[BlackElo "2095"]
[PlyCount "71"]

1. d4 Nf6 2. c4 e6 3. Nf3 Bb4+ 4. Bd2 Qe7 5. g3 Nc6 6. Nc3 Bxc3 7. Bxc3 Ne4 8. Rc1 d6 9. Bg2 O-O 10. O-O Nxc3 11. Rxc3 e5 12. d5 Nb8 13. Nd2 a5 14. c5 Na6 15. cxd6 cxd6 16. Nc4 Qd8 17. Qb3 Nc5 18. Qb6 Qxb6 19. Nxb6 Ra6 20. Nc4 Na4 21. Rb3 Rd8 22. Rc1 b6 23. Nxd6 Bg4 24. Nb7 Rb8 25. d6 Ra7 26. Rc4 Bd7 27. Rc7 Be6 28. Rb5 g6 29. b3 Nb2 30. a4 Kg7 31. Kf1 Bc8 32. Rxb6 Bxb7 33. Rbxb7 Raxb7 34. Bxb7 Rd8 35. d7 Kf6 36. Bc6 1-0

[Event "Montevideo Duchamp Cup 4th"]
[White "Hoffman,Alejandro"]
[Black "Lima,Darcy Gustavo Macha"]
[Site "Montevideo"]
[Round "5"]
[Annotator ""]
[Result "1/2-1/2"]
[Date "2020.02.11"]
[WhiteElo "2472"]
[BlackElo "2526"]
[PlyCount "27"]

1. d4 d6 2. e4 Nf6 3. f3 e5 4. dxe5 dxe5 5. Qxd8+ Kxd8 6. Bc4 Ke8 7. Be3 Nbd7 8. a4 a5 9. Nd2 Bc5 10. Kf2 Bxe3+ 11. Kxe3 Nc5 12. Nb3 Nfd7 13. Nxc5 Nxc5 14. Ne2 1/2-1/2

[Event "Montevideo Duchamp Cup 4th"]
[White "Lima,Darcy Gustavo Macha"]
[Black "Amura,Claudia Noemi"]
[Site "Montevideo"]
[Round "4"]
[Annotator ""]
[Result "1-0"]
[Date "2020.02.10"]
[WhiteElo "2526"]
[BlackElo "2245"]
[PlyCount "115"]

1. d4 d5 2. c4 e6 3. Nc3 a6 4. cxd5 exd5 5. Bf4 Nf6 6. e3 Bd6 7. Nge2 O-O 8. g3 Bg4 9. Bxd6 Qxd6 10. Bg2 Nbd7 11. O-O Bxe2 12. Qxe2 Rae8 13. Qc2 c6 14. Qb3 Qb8 15. Qb4 Ne4 16. a4 Ndf6 17. Ne2 Nd6 18. Nf4 Nfe4 19. Nd3 Re6 20. Nc5 Nxc5 21. dxc5 Ne4 22. Qd4 f5 23. b4 g5 24. b5 f4 25. bxc6 bxc6 26. f3 Nf6 27. Rab1 Qc7 28. exf4 gxf4 29. g4 Nd7 30. Rb3 Rb8 31. Rfb1 Rxb3 32. Rxb3 Qe5 33. Qxe5 Rxe5 34. Rb4 Nxc5 35. Rxf4 Re1+ 36. Bf1 Kg7 37. g5 a5 38. h4 Ra1 39. Rf6 Nb3 40. Kf2 Rxa4 41. h5 Nd4 42. h6+ Kg8 43. Bh3 Ra3 44. Bg4 Rb3 45. Bh5 Rb7 46. Ke3 Nc2+ 47. Kd3 Nb4+ 48. Kd4 a4 49. Bg4 Rb8 50. Be6+ Kh8 51. Rf7 Nc2+ 52. Kd3 Nb4+ 53. Kd2 a3 54. Bf5 Kg8 55. Rg7+ Kf8 56. Rxh7 a2 57. Ra7 Rb7 58. h7 1-0